000 00741cab a2200229 4500
001 ABS54894
008 090401t1996 xxu||||| |||| 00| 0 eng d
035 _a(Sirsi) u12865
041 _aeng
245 _aSafety rules under scrutiny
260 _c1996
350 _a0
490 _aNew Civil Engineer
_v18 April 1996, 4-5(2)
520 _aExamines the fire tragedy at Dusseldorf airport and considers what lessons can be learnt to ensure effective fire detection and alert systems are in place.
650 _aDUSSELDORF AIRPORT
650 _aFIRE ALARMS
650 _aFIRE MANAGEMENT
650 _aMANAGEMENT-HEALTH AND SAFETY-FIRE SAFETY
690 _aBUILT ENVIRONMENT-BUILDING STANDARDS
942 _n0
948 _c04/03/1997
999 _c8254
_d8254